[Event "Fredrikstad CC-ch"]
[Site "Fredrikstad"]
[Date "2002.06.05"]
[Round "6"]
[White "Vigdal, Ole Johnny"]
[Black "Jervan, Morten"]
[Result "0-1"]
[WhiteElo "1475"]
[BlackElo "1248"]
[PlyCount "100"]
[EventDate "2002.01.??"]
[EventType "swiss"]
[EventRounds "11"]
[EventCountry "NOR"]
[SourceTitle "EXT 2005"]
[Source "ChessBase"]
[SourceDate "2004.11.15"]
[SourceVersion "1"]
[SourceVersionDate "2004.11.15"]
[SourceQuality "1"]

1. e4 e6 2. d4 d5 3. e5 c5 4. c3 Nc6 5. Nf3 Nge7 6. Bd3 Ng6 7. 0-0 cxd4 8. cxd4 Be7 9. a3 Qb6 10. Nc3 Bd7 11. Na4 Qc7 12. Be3 a6 13. Rc1 0-0 14. Qb3 b5 15. Nc5 Bxc5 16. Rxc5 Qb6 17. Qc2 Rac8 18. Rc1 Nce7 19. b4 Nc6 20. Bd2 Nce7 21. Ne1 Nc6 22. Be3 Qd8 23. Qd2 Qh4 24. Bg5 Qxd4 25. Nf3 Qg4 26. h3 Qh5 27. Be2 h6 28. Be3 Ngxe5 29. Nd4 Qg6 30. Nxc6 Rxc6 31. Rxc6 Bxc6 32. Bd4 Nc4 33. Qc3 e5 34. Bxe5 Nxe5 35. Qxe5 d4 36. f3 Re8 37. Qxd4 Rxe2 38. Qg4 Qxg4 39. hxg4 Re6 40. Kf2 Kf8 41. Kg3 g5 42. Kf2 Ke7 43. g3 Kd7 44. f4 Rd6 45. Ke3 Re6+ 46. Kd4 gxf4 47. gxf4 Re4+ 48. Kc5 Ba8 49. Kb6 Re6+ 50. Kc5 Rc6+ 0-1

[Event "Fredrikstad CC-ch"]
[Site "Fredrikstad"]
[Date "2002.03.27"]
[Round "4"]
[White "Vigdal, Ole Johnny"]
[Black "Olsen, Svein"]
[Result "1/2-1/2"]
[WhiteElo "1475"]
[BlackElo "1560"]
[PlyCount "96"]
[EventDate "2002.01.??"]
[EventType "swiss"]
[EventRounds "11"]
[EventCountry "NOR"]
[SourceTitle "EXT 2005"]
[Source "ChessBase"]
[SourceDate "2004.11.15"]
[SourceVersion "1"]
[SourceVersionDate "2004.11.15"]
[SourceQuality "1"]

1. d4 f5 2. c4 Nf6 3. Nc3 e6 4. Bg5 Be7 5. e3 0-0 6. Bd3 b6 7. Qf3 c6 8. e4 d5 9. cxd5 cxd5 10. exd5 Bb7 11. Qe3 Bxd5 12. Nxd5 Qxd5 13. Nf3 Bb4+ 14. Kd1 Ng4 15. Qe2 Rc8 16. a3 Bd6 17. h3 Nf6 18. Re1 Ne4 19. Bxe4 fxe4 20. Qxe4 Qb3+ 21. Ke2 Qxb2+ 22. Kf1 Qb5+ 23. Kg1 Qd5 24. Qxe6+ Qxe6 25. Rxe6 Bf8 26. Ne5 Na6 27. Nd7 Rc4 28. Nxf8 Kxf8 29. Rd1 Nc7 30. Re5 Re8 31. Rxe8+ Kxe8 32. Rc1 Rxc1+ 33. Bxc1 Kd7 34. Kf1 Kc6 35. Ke2 Kd5 36. Kd3 Ne6 37. Be3 b5 38. f4 g6 39. g4 Ng7 40. f5 gxf5 41. Bh6 Ne6 42. gxf5 Nd8 43. Bf8 Nf7 44. h4 h5 45. Bc5 a6 46. Ke3 a5 47. Kd3 Nh6 48. f6 Ke6 1/2-1/2

[Event "Fredrikstad CC-ch"]
[Site "Fredrikstad"]
[Date "2002.01.09"]
[Round "1"]
[White "Slang, Harry"]
[Black "Vigdal, Ole Johnny"]
[Result "1/2-1/2"]
[WhiteElo "1237"]
[BlackElo "1475"]
[PlyCount "99"]
[EventDate "2002.01.??"]
[EventType "swiss"]
[EventRounds "11"]
[EventCountry "NOR"]
[SourceTitle "EXT 2005"]
[Source "ChessBase"]
[SourceDate "2004.11.15"]
[SourceVersion "1"]
[SourceVersionDate "2004.11.15"]
[SourceQuality "1"]

1. d4 d5 2. Nf3 Nf6 3. c4 e6 4. Nc3 dxc4 5. e3 a6 6. Bxc4 b5 7. Bd3 Bb7 8. a3 c5 9. dxc5 Bxc5 10. b4 Bb6 11. 0-0 Nc6 12. Bb2 Qc7 13. Ne4 Nxe4 14. Bxe4 f5 15. Bxc6+ Bxc6 16. Rc1 Qb7 17. Qe2 Bd5 18. Rfd1 Rg8 19. Bd4 Bxd4 20. exd4 Ke7 21. Ne1 Rac8 22. Rc5 Bc4 23. Qe3 Kf7 24. Nd3 Bxd3 25. Qxd3 Rgd8 26. Rdc1 Qd7 27. Rxc8 Rxc8 28. Rxc8 Qxc8 29. h4 Qc1+ 30. Kh2 Qf4+ 31. Qg3 Qxd4 32. Qc7+ Kf6 33. Qg3 e5 34. Qg5+ Ke6 35. Qxg7 Qxh4+ 36. Kg1 Qh5 37. Qb7 Qd1+ 38. Kh2 Qh5+ 39. Kg1 Qd1+ 40. Kh2 Qd6 41. Qxh7 e4+ 42. g3 Ke5 43. Qg7+ Kd5 44. Qf7+ Qe6 45. Qa7 Kc4 46. Qe3 Qf6 47. Kg2 Qd6 48. Kh3 Qd4 49. Qf4 Qf6 50. Qe3 1/2-1/2